000 00546nam a2200181Ia 4500
003 GCL
005 20240530102622.0
008 140319s9999 xx 000 0 ara d
040 _aGCL /
_cGCL
082 0 4 _a327.11
_bم ق
100 1 _aملحم قربان
245 1 0 _aقضايا الفكر السياسى: القوة /
_cملحم قربان
260 _a[S.N] :
_bالمؤسسة الحديثة للكتاب ،
_c1982
300 _a344 ص
490 0 _aقضايا الفكر السياسى
650 0 4 _aالسياسة
942 _2ddc
_cBK
999 _c33456
_d33456